[Event "Stay Safe Play From Home 267"]
[Site "Emanuel Lasker Arena"]
[Date "2020.06.30"]
[Round "4"]
[White "Timbre"]
[Black "Tunca"]
[Result "0-1"]
[WhiteElo "1676"]
[BlackElo "1784"]
[Annotator "NA RC"]
[PlyCount "68"]
[EventDate "2020.06.30"]
[EventType "swiss (blitz)"]

1. d4 {[%emt 0:00:25]} d5 {[%emt 0:00:01]} 2. Nf3 {[%emt 0:00:01]} Nf6 {[%emt 0:00:09]} 3. c3 {[%emt 0:00:01]} Bf5 {[%emt 0:00:07]} 4. Bf4 {[%emt 0:00:02]} e6 {[%emt 0:00:02]} 5. e3 {[%emt 0:00:01]} Be7 {[%emt 0:00:04]} 6. Bd3 {[%emt 0:00:02]} O-O {[%emt 0:00:04]} 7. Qc2 {[%emt 0:00:01]} Bxd3 {[%emt 0:00:06]} 8. Qxd3 {[%emt 0:00:01]} Ne4 {[%emt 0:00:04]} 9. Nbd2 {[%emt 0:00:02]} f5 {[%emt 0:00:00]} 10. O-O {[%emt 0:00:02]} c5 {[%emt 0:00:05]} 11. Ne5 {[%emt 0:00:02]} Nc6 {[%emt 0:00:02]} 12. f3 {[%emt 0:00:06]} Nxd2 {[%emt 0:00:18]} 13. Qxd2 {[%emt 0:00:02]} Rc8 {[%emt 0:00:24]} 14. Rae1 {[%emt 0:00:04]} Bf6 {[%emt 0:00:12]} 15. Rd1 {[%emt 0:00:06]} Qa5 {[%emt 0:00:10]} 16. Nxc6 {[%emt 0:00:04]} Rxc6 {[%emt 0:00:19]} 17. a3 {[%emt 0:00:01]} Rfc8 {[%emt 0:00:08]} 18. e4 {[%emt 0:00:02]} cxd4 {[%emt 0:00:04]} 19. cxd4 {[%emt 0:00:02]} Qxd2 {[%emt 0:00:04]} 20. Rxd2 {[%emt 0:00:02]} Rc2 {[%emt 0:00:13]} 21. exd5 {[%emt 0:00:05]} Rxd2 {[%emt 0:00:08]} 22. Bxd2 {[%emt 0:00:02]} Bxd4+ {[%emt 0:00:00]} 23. Kh1 {[%emt 0:00:04]} Rc2 {[%emt 0:00:04]} 24. Bc3 {[%emt 0:00:10]} Bxc3 {[%emt 0:00:01]} 25. bxc3 {[%emt 0:00:02]} exd5 {[%emt 0:00:01]} 26. Rd1 {[%emt 0:00:03]} Rxc3 {[%emt 0:00:02]} 27. h3 {[%emt 0:00:01]} Rc5 {[%emt 0:00:01]} 28. Rd3 {[%emt 0:00:01]} Kf7 {[%emt 0:00:03]} 29. Kh2 {[%emt 0:00:02]} Kf6 {[%emt 0:00:04]} 30. Kg3 {[%emt 0:00:01]} g5 {[%emt 0:00:02]} 31. h4 {[%emt 0:00:02]} h6 {[%emt 0:00:04]} 32. h5 {[%emt 0:00:02]} b5 {[%emt 0:00:08]} 33. Kf2 {[%emt 0:00:03]} f4 {[%emt 0:00:06]} 34. Ke2 {[%emt 0:00:05]} Ke5 {[%emt 0:00:06] Timbre resigns (Lag: Av=0.40s, max=0.8s)} 0-1

[Event "Stay Safe Play From Home 267"]
[Site "Emanuel Lasker Arena"]
[Date "2020.06.30"]
[Round "4"]
[White "Erdema"]
[Black "Klasman"]
[Result "1-0"]
[WhiteElo "1625"]
[BlackElo "1716"]
[Annotator "NA RC"]
[PlyCount "45"]
[EventDate "2020.06.30"]
[EventType "swiss (blitz)"]

1. e4 {[%emt 0:00:02]} f5 {[%emt 0:00:01]} 2. exf5 {[%emt 0:00:04]} Nf6 {[%emt 0:00:01]} 3. Be2 {[%emt 0:00:03]} d5 {[%emt 0:00:07]} 4. Bh5+ {[%emt 0:00:02]} Kd7 {[%emt 0:00:52]} 5. Bf3 {[%emt 0:00:04]} c6 {[%emt 0:00:01]} 6. d4 {[%emt 0:00:02]} h5 {[%emt 0:00:02]} 7. Ne2 {[%emt 0:00:05]} Ke8 {[%emt 0:00:06]} 8. Bg5 {[%emt 0:00:07]} Bxf5 {[%emt 0:00:03]} 9. Bxf6 {[%emt 0:00:04]} gxf6 {[%emt 0:00:05]} 10. Ng3 {[%emt 0:00:08]} Bg6 {[%emt 0:00:29]} 11. Bxh5 {[%emt 0:00:03]} Rxh5 {[%emt 0:00:09]} 12. Nxh5 {[%emt 0:00:02]} c5 {[%emt 0:00:03]} 13. Nf4 {[%emt 0:00:04]} Bf7 {[%emt 0:00:04]} 14. dxc5 {[%emt 0:00:03]} e5 {[%emt 0:00:04]} 15. Nd3 {[%emt 0:00:02]} e4 {[%emt 0:00:05]} 16. Nf4 {[%emt 0:00:05]} Bxc5 {[%emt 0:00:11]} 17. Nc3 {[%emt 0:00:03]} Qc7 {[%emt 0:00:11]} 18. Nfxd5 {[%emt 0:00:04]} Bxd5 {[%emt 0:00:07]} 19. Nxd5 {[%emt 0:00:04]} Qe5 {[%emt 0:00:23]} 20. c3 {[%emt 0:00:08]} Nc6 {[%emt 0:00:06]} 21. Ne3 {[%emt 0:00:04]} Bxe3 {[%emt 0:00:19]} 22. fxe3 {[%emt 0:00:02]} Rd8 {[%emt 0:00:08]} 23. Qe2 {[%emt 0:00:03] Time (Lag: Av=0.63s, max=0.8s)} 1-0

[Event "Stay Safe Play From Home 267"]
[Site "Emanuel Lasker Arena"]
[Date "2020.06.30"]
[Round "5"]
[White "Weltszmerc"]
[Black "Redrooster"]
[Result "1/2-1/2"]
[WhiteElo "2163"]
[BlackElo "1876"]
[Annotator "TA"]
[PlyCount "137"]
[EventDate "2020.06.30"]
[EventType "swiss (blitz)"]

{[%evp 22,137,99,52,145,135,142,130,192,185,198,178,161,154,196,179,244,110,106,104,178,114,114,26,14,30,44,41,47,47,41,0,0,7,33,12,52,0,50,0,0,-141,-138,-156,-158,-191,0,0,0,0,0,-176,-176,-414,0,0,0,0,0,0,0,0,0,0,0,-8,0,-68,-70,-70,-72,-71,0,0,0,0,519,515,464,342,488,481,673,496,574,538,733,733,662,8,8,8,8,8,8,8,8,8,8,8,8,8,8,8,8,8,8,8,8,8,8,0,0,0,8,8,8,8]} 1. d4 Nf6 2. c4 g6 3. Nc3 Bg7 4. e4 d6 5. f3 O-O 6. Nge2 e5 7. d5 Nbd7 8. g4 a6 9. Ng3 c6 10. Be3 cxd5 11. cxd5 b5 12. Qd2 b4 {E89: King's Indian: Sämisch: 6...e5 7 d5 c6 8 Nge2 cxd5.} (12... Nb6 $14) 13. Na4 $1 $16 a5 14. h4 {[#]} Re8 $146 (14... h5 $16) ({Predecessor:} 14... Ne8 15. h5 Bf6 16. g5 Bg7 17. Qh2 f6 18. hxg6 hxg6 19. Qh7+ Kf7 20. Rh6 Rh8 21. Qxg6+ Kf8 22. Rxh8+ Bxh8 23. Qh7 Bg7 24. Nf5 fxg5 25. Nxg7 Nxg7 26. Qh8+ {1-0 (26) Murey,J (2417)-Pustina,Y (2277) Gmunden 2007}) 15. h5 $18 Nf8 16. Nb6 Rb8 17. Nxc8 Qxc8 18. Rc1 Qb7 (18... Qd8 $142 19. Rc6 Qe7) 19. Bd3 (19. h6 $18 {and White stays clearly on top.} Bh8 20. g5) 19... Rec8 $16 20. Kf2 a4 (20... N8d7 $16 21. Kg2 Nc5) 21. Kg2 (21. Rxc8 $18 Rxc8 22. h6) 21... N6d7 22. Bh6 (22. Bc4 $16) 22... Bxh6 23. Qxh6 b3 {Hoping for ...Rxc1.} 24. a3 Rxc1 25. Rxc1 Rc8 26. Kh3 Rxc1 27. Qxc1 Nc5 28. Be2 Qd7 29. Nf5 ({White should play} 29. Qg5 $14) 29... f6 (29... gxf5 $5 30. Qg5+ $8 {[%mdl 64] Double Attack} Ng6 $1 {[%mdl 512]} 31. gxf5 {[%mdl 64] Pin} Qe7 $11) 30. Ne3 gxh5 31. Kg3 (31. Kh2 $11 {remains equal.}) 31... Ng6 $36 {[%mdl 2048] Black has strong initiative.} 32. gxh5 Nf4 {[%mdl 64] ( -> ...Qh3+). Double Attack} 33. Bf1 {[#]} Nxh5+ $2 ({Inferior is} 33... Ncd3 34. Qc6 $11) (33... Qg7+ $1 $19 34. Ng4 Nxh5+ 35. Kh2 Nf4) 34. Kh2 $1 $11 Nf4 {aiming for ...Qf7.} 35. Nf5 Kh8 36. Bh3 $2 (36. Qe1 $11 {and White is okay.}) 36... Qf7 37. Qg1 $2 (37. Bg4 Qf8 38. Qg1) 37... Qg6 $2 ({Black should try} 37... Nxh3 $19 38. Kxh3 Qh5+ {[%mdl 64] Double Attack} 39. Kg2 Qg5+ 40. Ng3 h5) 38. Qxg6 hxg6 39. Nxd6 {[%mdl 4096] Endgame KBN-KNN} Nfd3 40. Nc4 Kg7 41. Bf1 Kf7 42. Kg3 Ke7 43. d6+ Ke6 44. Bh3+ (44. Kg2 $11) 44... f5 $15 45. exf5+ gxf5 46. Bf1 {[#]} Nf4 (46... Ne1 $1 $17) 47. Kf2 $11 Ncd3+ 48. Ke3 Nxb2 $2 {[%mdl 8192]} (48... Ne1 $11) 49. Nxb2 $18 Kxd6 50. Nxa4 Nd5+ (50... Ne6 $142 51. Nb2 Nd4) 51. Kd2 e4 52. fxe4 fxe4 53. Nb2 e3+ 54. Kd3 Kc5 55. Bg2 $2 (55. Na4+ $18 Kd6 56. Kd4) 55... Nf4+ $11 {[%mdl 64] Double Attack. The position is equal.} 56. Kxe3 Nxg2+ {KN-KN} 57. Kd3 Nf4+ 58. Kc3 Nd5+ 59. Kxb3 Nb6 60. Nd3+ Kb5 61. Ne5 Ka5 62. Nc6+ Kb5 63. Nd4+ Ka5 64. Ne2 Kb5 65. Nc3+ Ka5 66. Kc2 Nc4 67. a4 Nb6 68. Kb3 Nxa4 69. Nxa4 {White used his chance. Accuracy: White = 64%, Black = 61%.} 1/2-1/2

[Event "Stay Safe Play From Home 267"]
[Site "Emanuel Lasker Arena"]
[Date "2020.06.30"]
[Round "5"]
[White "Haxhi Baha"]
[Black "Lazieri3"]
[Result "1-0"]
[WhiteElo "2047"]
[BlackElo "2148"]
[Annotator "TA"]
[PlyCount "49"]
[EventDate "2020.06.30"]
[EventType "swiss (blitz)"]

{[%evp 9,49,12,16,0,-8,-18,-13,-17,-21,-43,25,-20,-10,-23,84,10,36,38,39,40,145,129,158,176,293,283,302,258,250,232,215,198,195,195,195,210,1670,1655,1634,1621,1575,1547]} 1. e4 c6 2. Nf3 d5 3. Nc3 dxe4 4. Nxe4 Nf6 5. Nc3 Bg4 6. Bc4 {B11: Caro-Kann: Two Knights Variation.} e6 7. h3 Bh5 {[#]} 8. g4 $146 {The position is equal.} ({Predecessor:} 8. d3 Nbd7 9. Bf4 Bb4 10. a3 Be7 11. g4 Bg6 12. Qe2 Nb6 13. Bb3 Nfd5 14. Be5 {1-0 (59) Vibbert,S (2316)-Mills,J (2097) Chicago 2017}) 8... Bg6 9. d3 h6 (9... Nbd7 $15) 10. Qe2 {next Ne5 is good for White.} Nbd7 11. Bf4 Nb6 (11... Be7 $11) 12. Bb3 (12. Ne5 $16) 12... Bd6 13. Ne5 Bxe5 $1 14. Bxe5 Qd7 ({Better is} 14... a5 $14) 15. O-O-O $16 O-O-O 16. Qe3 Rhg8 (16... Qe7 $142 17. Bh2 Nfd7) 17. a4 {[%cal Ba2a4,Ba4a5][%mdl 32] aiming for a5.} Nfd5 18. Nxd5 exd5 19. a5 d4 20. Qf4 Nd5 21. Qxd4 f6 22. Bg3 $40 {[%mdl 128] White has strong attack.} Nb6 $2 (22... b6 23. Rhe1 (23. axb6 axb6 24. Bxd5 Kb7 $18) 23... Kb7) 23. Qf4 $18 {[%csl Gg3][%cal Rf4b8] [#]White is clearly winning.} Qd6 24. Qxd6 Rxd6 25. Bxg8 {Accuracy: White = 85%, Black = 38%.} 1-0

[Event "Stay Safe Play From Home 267"]
[Site "Emanuel Lasker Arena"]
[Date "2020.06.30"]
[Round "5"]
[White "Physikus"]
[Black "Haris kollari 13"]
[Result "1-0"]
[WhiteElo "1921"]
[BlackElo "1951"]
[Annotator "NA"]
[PlyCount "109"]
[EventDate "2020.06.30"]
[EventType "swiss (blitz)"]

1. e4 {[%emt 0:00:03]} e6 {[%emt 0:00:01]} 2. b3 {[%emt 0:00:01]} d5 {[%emt 0:00:01]} 3. Bb2 {[%emt 0:00:00]} c5 {[%emt 0:00:01]} 4. exd5 {[%emt 0:00:01]} exd5 {[%emt 0:00:01]} 5. Bb5+ {[%emt 0:00:00]} Nc6 {[%emt 0:00:01]} 6. Qe2+ {[%emt 0:00:00]} Be6 {[%emt 0:00:02]} 7. Nc3 {[%emt 0:00:03]} Nge7 {[%emt 0:00:02]} 8. Nf3 {[%emt 0:00:02]} a6 {[%emt 0:00:01]} 9. Bxc6+ {[%emt 0:00:07]} Nxc6 {[%emt 0:00:03]} 10. O-O {[%emt 0:00:04]} Be7 {[%emt 0:00:02]} 11. Rae1 {[%emt 0:00:16]} O-O {[%emt 0:00:01]} 12. Ne5 {[%emt 0:00:06]} Bf6 {[%emt 0:00:05]} 13. Nxc6 {[%emt 0:00:02]} bxc6 {[%emt 0:00:01]} 14. Na4 {[%emt 0:00:01]} Bxb2 {[%emt 0:00:05]} 15. Nxb2 {[%emt 0:00:00]} Qd6 {[%emt 0:00:01]} 16. Na4 {[%emt 0:00:04]} a5 {[%emt 0:00:10]} 17. Qe5 {[%emt 0:00:04]} Qxe5 {[%emt 0:00:14]} 18. Rxe5 {[%emt 0:00:02]} c4 {[%emt 0:00:01]} 19. Rfe1 {[%emt 0:00:06]} cxb3 {[%emt 0:00:01]} 20. cxb3 {[%emt 0:00:04]} Rfc8 {[%emt 0:00:10]} 21. Nb6 {[%emt 0:00:03]} Kf8 {[%emt 0:00:04]} 22. d4 {[%emt 0:00:12]} Rcb8 {[%emt 0:00:06]} 23. Nxa8 {[%emt 0:00:03]} Rxa8 {[%emt 0:00:01]} 24. Kf1 {[%emt 0:00:02]} a4 {[%emt 0:00:02]} 25. Rc1 {[%emt 0:00:05]} axb3 {[%emt 0:00:04]} 26. axb3 {[%emt 0:00:01]} Ra6 {[%emt 0:00:01]} 27. Ke2 {[%emt 0:00:05]} Ke7 {[%emt 0:00:01]} 28. Kd2 {[%emt 0:00:04]} Kd6 {[%emt 0:00:01]} 29. Re2 {[%emt 0:00:03]} Bd7 {[%emt 0:00:12]} 30. Kc3 {[%emt 0:00:03]} h5 {[%emt 0:00:03]} 31. Rcc2 {[%emt 0:00:04]} Bf5 {[%emt 0:00:05]} 32. Ra2 {[%emt 0:00:02]} Rb6 {[%emt 0:00:01]} 33. Ra7 {[%emt 0:00:03]} Be6 {[%emt 0:00:02]} 34. Rea2 {[%emt 0:00:03]} c5 {[%emt 0:00:03]} 35. R2a6 {[%emt 0:00:06]} cxd4+ {[%emt 0:00:10]} 36. Kxd4 {[%emt 0:00:02]} Kc6 {[%emt 0:00:00]} 37. Rxb6+ {[%emt 0:00:06]} Kxb6 {[%emt 0:00:01]} 38. Re7 {[%emt 0:00:03]} g6 {[%emt 0:00:01]} 39. h4 {[%emt 0:00:15]} Kb5 {[%emt 0:00:02]} 40. Rb7+ {[%emt 0:00:15]} Kc6 {[%emt 0:00:02]} 41. Rb8 {[%emt 0:00:02]} Kc7 {[%emt 0:00:01]} 42. Rb4 {[%emt 0:00:03]} Kc6 {[%emt 0:00:01]} 43. Rb8 {[%emt 0:00:08]} Kc7 {[%emt 0:00:01]} 44. Rb5 {[%emt 0:00:00]} Kc6 {[%emt 0:00:01]} 45. Rb4 {[%emt 0:00:00]} Bc8 {[%emt 0:00:09]} 46. Ra4 {[%emt 0:00:09]} Be6 {[%emt 0:00:02]} 47. Ra5 {[%emt 0:00:02]} Kd6 {[%emt 0:00:08]} 48. Rc5 {[%emt 0:00:03]} f6 {[%emt 0:00:03]} 49. b4 {[%emt 0:00:01]} Bf7 {[%emt 0:00:04]} 50. b5 {[%emt 0:00:01]} g5 {[%emt 0:00:01]} 51. b6 {[%emt 0:00:03]} gxh4 {[%emt 0:00:04]} 52. b7 {[%emt 0:00:02]} Be6 {[%emt 0:00:00]} 53. b8=Q+ {[%emt 0:00:02]} Kd7 {[%emt 0:00:01]} 54. Rc7+ {[%emt 0:00:05]} Kd6 {[%emt 0:00:01]} 55. Qb6# {[%emt 0:00:00] (Lag: Av=0.38s, max=0.7s)} 1-0

[Event "Stay Safe Play From Home 267"]
[Site "Emanuel Lasker Arena"]
[Date "2020.06.30"]
[Round "5"]
[White "Tunca"]
[Black "Johni"]
[Result "1/2-1/2"]
[WhiteElo "1796"]
[BlackElo "1822"]
[Annotator "NA RC"]
[PlyCount "113"]
[EventDate "2020.06.30"]
[EventType "swiss (blitz)"]

1. e4 {[%emt 0:00:02]} c6 {[%emt 0:00:04]} 2. d4 {[%emt 0:00:01]} d5 {[%emt 0:00:00]} 3. Nc3 {[%emt 0:00:01]} dxe4 {[%emt 0:00:06]} 4. Nxe4 {[%emt 0:00:00]} Bf5 {[%emt 0:00:01]} 5. Ng3 {[%emt 0:00:03]} Bg6 {[%emt 0:00:01]} 6. Nf3 {[%emt 0:00:01]} Nd7 {[%emt 0:00:01]} 7. h4 {[%emt 0:00:01]} h6 {[%emt 0:00:01]} 8. h5 {[%emt 0:00:02]} Bh7 {[%emt 0:00:01]} 9. Bd3 {[%emt 0:00:20]} Bxd3 {[%emt 0:00:01]} 10. Qxd3 {[%emt 0:00:00]} Ngf6 {[%emt 0:00:01]} 11. c4 {[%emt 0:00:05]} e6 {[%emt 0:00:02]} 12. O-O {[%emt 0:00:08]} Bd6 {[%emt 0:00:03]} 13. Re1 {[%emt 0:00:28]} Bxg3 {[%emt 0:00:05]} 14. fxg3 {[%emt 0:00:00]} O-O {[%emt 0:00:07]} 15. Bf4 {[%emt 0:00:08]} Nxh5 {[%emt 0:00:06]} 16. Bd6 {[%emt 0:00:02]} Re8 {[%emt 0:00:02]} 17. g4 {[%emt 0:00:08]} Nhf6 {[%emt 0:00:07]} 18. g5 {[%emt 0:00:13]} hxg5 {[%emt 0:00:03]} 19. Nxg5 {[%emt 0:00:02]} Qa5 {[%emt 0:00:12]} 20. c5 {[%emt 0:00:13]} b6 {[%emt 0:00:22]} 21. Rf1 {[%emt 0:00:17]} bxc5 {[%emt 0:00:04]} 22. dxc5 {[%emt 0:00:03]} Nxc5 {[%emt 0:00:12]} 23. Qc2 {[%emt 0:00:44]} Ncd7 {[%emt 0:00:07]} 24. Nf3 {[%emt 0:00:25]} Ng4 {[%emt 0:00:32]} 25. Qxc6 {[%emt 0:00:12]} Ndf6 {[%emt 0:00:20]} 26. Qc5 {[%emt 0:00:06]} Qa4 {[%emt 0:00:12]} 27. b3 {[%emt 0:00:03]} Qd7 {[%emt 0:00:04]} 28. Rad1 {[%emt 0:00:02]} Red8 {[%emt 0:00:01]} 29. Bg3 {[%emt 0:00:03]} Qxd1 {[%emt 0:00:02]} 30. Rxd1 {[%emt 0:00:00]} Rxd1+ {[%emt 0:00:01]} 31. Ne1 {[%emt 0:00:01]} Rad8 {[%emt 0:00:06]} 32. Kf1 {[%emt 0:00:01]} Rb1 {[%emt 0:00:15]} 33. Qc2 {[%emt 0:00:07]} Rdd1 {[%emt 0:00:02]} 34. Ke2 {[%emt 0:00:01]} Nd5 {[%emt 0:00:09]} 35. Qxd1 {[%emt 0:00:01]} Rxd1 {[%emt 0:00:01]} 36. Kxd1 {[%emt 0:00:00]} Nc3+ {[%emt 0:00:01]} 37. Kc2 {[%emt 0:00:01]} Nxa2 {[%emt 0:00:00]} 38. Kd3 {[%emt 0:00:01]} Nb4+ {[%emt 0:00:01]} 39. Kc4 {[%emt 0:00:01]} Nc6 {[%emt 0:00:03]} 40. Kc5 {[%emt 0:00:03]} Ne7 {[%emt 0:00:05]} 41. b4 {[%emt 0:00:02]} Nd5 {[%emt 0:00:01]} 42. b5 {[%emt 0:00:01]} Nc3 {[%emt 0:00:15]} 43. Bb8 {[%emt 0:00:02]} Kf8 {[%emt 0:00:18]} 44. Bxa7 {[%emt 0:00:01]} Nxb5 {[%emt 0:00:03]} 45. Kxb5 {[%emt 0:00:01]} Ke7 {[%emt 0:00:01]} 46. Kc6 {[%emt 0:00:02]} f5 {[%emt 0:00:01]} 47. Bd4 {[%emt 0:00:02]} g5 {[%emt 0:00:02]} 48. Nf3 {[%emt 0:00:02]} e5 {[%emt 0:00:08]} 49. Nxe5 {[%emt 0:00:02]} Nxe5+ {[%emt 0:00:01]} 50. Bxe5 {[%emt 0:00:00]} Ke6 {[%emt 0:00:01]} 51. Bd6 {[%emt 0:00:03]} f4 {[%emt 0:00:02]} 52. Kc5 {[%emt 0:00:02]} Kf5 {[%emt 0:00:00]} 53. Kd4 {[%emt 0:00:07]} Kg4 {[%emt 0:00:02]} 54. Ke4 {[%emt 0:00:04]} Kg3 {[%emt 0:00:01]} 55. Kf5 {[%emt 0:00:04]} Kxg2 {[%emt 0:00:02]} 56. Bxf4 {[%emt 0:00:01]} gxf4 {[%emt 0:00:02]} 57. Kxf4 {[%emt 0:00:00] (Lag: Av=0.37s, max=2.1s)} 1/2-1/2

[Event "Stay Safe Play From Home 267"]
[Site "Emanuel Lasker Arena"]
[Date "2020.06.30"]
[Round "5"]
[White "Timbre"]
[Black "Matanant"]
[Result "0-1"]
[WhiteElo "1664"]
[BlackElo "1685"]
[Annotator "NA RC"]
[PlyCount "52"]
[EventDate "2020.06.30"]
[EventType "swiss (blitz)"]

1. d4 {[%emt 0:00:19]} e6 {[%emt 0:00:03]} 2. Nf3 {[%emt 0:00:01]} f5 {[%emt 0:00:01]} 3. c3 {[%emt 0:00:01]} Nf6 {[%emt 0:00:01]} 4. Bf4 {[%emt 0:00:01]} d5 {[%emt 0:00:01]} 5. e3 {[%emt 0:00:01]} Bd6 {[%emt 0:00:02]} 6. Bg3 {[%emt 0:00:02]} O-O {[%emt 0:00:01]} 7. Be2 {[%emt 0:00:02]} Ne4 {[%emt 0:00:01]} 8. Nbd2 {[%emt 0:00:01]} Bd7 {[%emt 0:00:05]} 9. a3 {[%emt 0:00:03]} Be8 {[%emt 0:00:02]} 10. Bxd6 {[%emt 0:00:04]} Qxd6 {[%emt 0:00:02]} 11. Ne5 {[%emt 0:00:02]} Nd7 {[%emt 0:00:02]} 12. Nxd7 {[%emt 0:00:02]} Qxd7 {[%emt 0:00:02]} 13. Nf3 {[%emt 0:00:01]} f4 {[%emt 0:00:02]} 14. exf4 {[%emt 0:00:02]} Rxf4 {[%emt 0:00:02]} 15. Ne5 {[%emt 0:00:02]} Qd6 {[%emt 0:00:02]} 16. Bf3 {[%emt 0:00:01]} Ng5 {[%emt 0:00:03]} 17. O-O {[%emt 0:00:03]} Nxf3+ {[%emt 0:00:01]} 18. Nxf3 {[%emt 0:00:02]} Bh5 {[%emt 0:00:01]} 19. Qd3 {[%emt 0:00:03]} Bxf3 {[%emt 0:00:03]} 20. gxf3 {[%emt 0:00:02]} Raf8 {[%emt 0:00:00]} 21. Kg2 {[%emt 0:00:03]} Qe7 {[%emt 0:00:01]} 22. Rg1 {[%emt 0:00:02]} Qh4 {[%emt 0:00:03]} 23. Qe3 {[%emt 0:00:10]} R8f6 {[%emt 0:00:02] Matanant reconnected.} 24. Rae1 {[%emt 0:00:10]} Rh6 {[%emt 0:00:19]} 25. Rh1 {[%emt 0:00:05]} Qh3+ {[%emt 0:00:05]} 26. Kg1 {[%emt 0:00:08]} Rg6# {[%emt 0:00:02] (Lag: Av=0.58s, max=0.8s)} 0-1

[Event "Stay Safe Play From Home 267"]
[Site "Emanuel Lasker Arena"]
[Date "2020.06.30"]
[Round "5"]
[White "Erdema"]
[Black "Dukic"]
[Result "0-1"]
[WhiteElo "1647"]
[BlackElo "1962"]
[Annotator "TA"]
[PlyCount "66"]
[EventDate "2020.06.30"]
[EventType "swiss (blitz)"]

{[%evp 9,66,34,58,16,24,21,31,8,24,-56,-54,-171,-183,-293,-287,-339,-337,-335,-328,-340,-332,-324,-322,-349,-364,-376,-352,-418,-258,-511,-497,-498,-487,-521,-514,-481,-507,-580,-427,-733,-720,-1291,-1277,-1608,-964,-902,-754,-1843,-1651,-29987,-29990,-29990,-29990,-29993,-29994,-29994,-29995,-29995,-29996]} 1. e4 c6 2. d4 d6 3. h3 Nd7 {[#]} 4. Bd3 $146 ({Predecessor:} 4. Nf3 e5 5. Bc4 Be7 6. O-O h6 7. Be3 Ngf6 8. Nc3 O-O 9. Bb3 a6 10. Qd2 Kh7 {1-0 (55) Todorovic,K (1959)-Colovic,M (2030) Kragujevac 2017}) 4... e5 5. Nf3 Be7 6. Nc3 {B12: Caro-Kann: Advance Variation.} Ngf6 7. O-O O-O 8. a3 {White is slightly better.} b5 9. d5 (9. Ne2 $11) 9... cxd5 $15 10. Bxb5 (10. Nxd5 $15 Nxd5 11. exd5) 10... dxe4 $19 11. Ng5 (11. Nd2 {might work better.}) 11... Bb7 12. Bc4 Nb6 13. Bxf7+ Rxf7 14. Nxf7 Kxf7 15. Bg5 d5 16. Bxf6 Bxf6 (16... Kxf6 $2 17. f3 $19) 17. Qh5+ Kg8 18. Rad1 d4 19. Ne2 $2 (19. Rfe1 {was worth a try.}) 19... g6 20. Qg4 Qe8 21. Ng3 Qc6 22. Nh5 Be7 23. Ng3 e3 {[%csl Gb7][%cal Rc6g2]} 24. Ne2 (24. Nf5 $142 Bf8 25. fxe3) 24... h5 25. Qg3 {[#]} Bh4 $1 {[%mdl 512]} 26. Qf3 (26. Qxh4 Qxg2#) 26... Qxf3 27. gxf3 exf2+ 28. Kg2 Nd5 29. Rh1 Ne3+ {[%mdl 64] [#] Double Attack. Black mates.} 30. Kh2 Bxf3 {[%mdl 64] Double Attack} 31. Rd2 Bxh1 32. Ng3 Bxg3+ 33. Kxg3 f1=Q {White got outplayed after the opening. Accuracy: White = 22%, Black = 73%.} 0-1

[Event "Stay Safe Play From Home 267"]
[Site "Emanuel Lasker Arena"]
[Date "2020.06.30"]
[Round "6"]
[White "Weltszmerc"]
[Black "Timbre"]
[Result "1-0"]
[WhiteElo "2152"]
[BlackElo "1648"]
[Annotator "TA"]
[PlyCount "55"]
[EventDate "2020.06.30"]
[EventType "swiss (blitz)"]

{[%evp 9,55,8,4,0,0,-11,18,17,17,0,19,14,130,135,191,224,292,283,289,219,316,240,233,223,281,153,362,360,329,273,447,417,437,277,251,95,85,17,14,-170,213,21,1929,1588,1409,1156,29993,29994]} 1. d4 d5 2. Nf3 c6 3. g3 Bf5 4. c4 e6 5. Qb3 Qb6 6. c5 {D02: 1 d4 d5 2 Nf3 sidelines, including 2...Nf6 3 g3 and 2...Nf6 3 Bf4.} Qxb3 7. axb3 Nd7 {[#]} 8. b4 $146 {The position is equal.} ({Predecessor:} 8. Nc3 a6 9. b4 Rc8 10. Bg2 Be7 11. O-O Ngf6 12. Nd2 Bc2 13. b3 O-O 14. Bb2 {0-1 (32) Broomfield,M (2255)-Harmatosi,J (2209) Budapest 2003}) 8... a6 9. Nbd2 {[%cal Bb1d2,Bd2b3,Bb3a5,Ba5b7][%mdl 32]} Ngf6 10. Nb3 Ne4 {[#]} (10... h6 $11 {keeps the balance.}) 11. Na5 $1 $16 Rb8 (11... O-O-O $16) 12. Bf4 Rc8 13. Nxb7 Be7 14. h4 h6 (14... O-O $142 15. Rxa6 Ra8) 15. e3 f6 16. h5 O-O 17. Bxa6 (17. Rxa6 $6 Bg4 $18) (17. Nh4 $18) 17... Ng5 $2 (17... Ra8 $16 {was necessary.}) 18. Nh4 $18 Be4 19. O-O {Black must now prevent Nd6.} Nf3+ $2 (19... e5 {was called for.} 20. Bxg5 fxg5) 20. Nxf3 Bxf3 21. b5 e5 22. bxc6 $2 (22. Na5 $18 {is more deadly.} cxb5 23. Bxc8 (23. Bxb5 Nb8 $14) 23... Rxc8 24. c6 exf4 25. cxd7) 22... Rxc6 $16 {[#]} 23. Bb5 ({Better is} 23. b4 $1 $16) 23... Rc7 $11 24. Bxd7 $2 (24. Nd6 $11 {and White stays safe.}) 24... Rxb7 $4 {[%mdl 8192]} (24... Rxd7 $19 {and life is good for Black.} 25. c6 Rc7 26. dxe5 fxe5) 25. c6 $2 ({Weaker is} 25. dxe5 Rxd7 26. c6 Rdd8 $17) (25. Be6+ $18 Kh8 26. dxe5 Bxc5 27. exf6 Rxf6 28. Ra8+ Rf8 29. Rfa1 Rxb2 30. Bf5) 25... exf4 $2 {[%mdl 8192]} (25... Rxd7 $11 26. cxd7 (26. dxe5 Rdd8 $15) 26... exf4) 26. cxb7 Rb8 27. Ra8 Rxa8 28. bxa8=Q+ {Accuracy: White = 43%, Black = 24%.} 1-0